| 000 | 00397nam a2200157 a 4500 | ||
|---|---|---|---|
| 001 | 0575 | ||
| 005 | 20140414131928.0 | ||
| 008 | 040201s19uu xx 00 eng d | ||
| 020 | _a1-56173-136-6 | ||
| 050 |
_aER _bSq4 1991 |
||
| 245 |
_aSquirrel nutkin : _bmy little book about. |
||
| 260 |
_bPublication International, _c1991. |
||
| 300 | _ap. ; cm. | ||
| 440 | _aLeap Frog | ||
| 999 |
_c112104 _d112104 |
||